| 000 | 00375nam a2200157Ia 4500 | ||
|---|---|---|---|
| 005 | 20250423095206.0 | ||
| 008 | 250422s9999 xx 000 0 und d | ||
| 020 | _a798255614 | ||
| 050 | _aP 302 .E47/ | ||
| 245 | 0 | _aEmpowerment through language and literature | |
| 260 | _aOgun State, Nigeria | ||
| 260 | _bOOU Press | ||
| 260 | _c2011 | ||
| 300 | _a280 p | ||
| 942 | _cBK | ||
| 999 |
_c29526 _d29526 |
||